000 00939nam a2200253 i 4500
001 76756
003 ES-MaACL
005 20250809232004.0
007 t|
008 041005s1963 sp |||| | cat d
100 1 _aGuix Sugranyes, José María.
_9163967
245 1 4 _aEl "Llibre de la cadena" de Reus
_b: règim juridic de la vila en l'Edat mitjana... /
_cJosep Mª Guix Sugranyes ; proleg de Josep Mª Font Rius ; epílogo de L.G. de Valdeavellano.
260 _aReus :
_bAsociación de Estudios Reusenses,
_c1963.
300 _a1 v. ;
_c25 cm.
490 1 _aRosa de Reus
650 4 _aDerecho-
_zReus-
_vFuentes.
_9163969
651 4 _aReus-
_xHistoria.
_9161512
700 1 _aFont i Rius, Josep Maria.
_951559
700 1 _aValdeavellano, Luis G. de,
_d1904-1985
_9163968
710 2 _aAsociación de Estudios Reusenses.
_91590
830 0 _aRosa de Reus
_9231317
852 _aES-MaACL
_jP-985-bis
999 _c76756
_d76756